01492nam a2200253Ia 4500952011300000952011300113999001700226008004100243020001800284020001500302050002600317100002800343245009500371260004000466300001800506500005700524500012300581504003400704505034300738519006101081650005301142700003601195942000701231 00104070a07b07d2010-03-30l2oBF432.5W42 K37 1982p07 000902r2016-07-23s2016-07-23t1w2012-06-26yLB 00104070a11b11d2008-06-20l6oBF432.5W42 K37 1982p11 007165r2018-02-10s2018-02-10t1w2012-06-26yLB c66755d66755120626s1982 mx 000 0 spa d a0-471-04971-9 a968426147004aBF432.5W42 bK37 1982 aKaufman, Alan S.eautor10aPsicometría razonada con el WISC-Rc/ Alan S. Kaufman; traducción, Florente López R aMéxicobEl Manual Modernoc, 1982 a303 páginas aTraducción de: Intelligent testing with the WISC-R aContiene: Prefacio, Agradecimiento, Índice de contenido, Lista de cuadros, Índice de autores, Índice analítico aBibliografía: (Pp. 263-284) aPsicometría razonada Interpretación de los CI y las discrepacias verbal y de ejecución Interpretación del factor distracción Capacidades medidas para los subtests del WISC-R Procedimientos de análisis de los perfiles de los subtests Procedimientos de análisis de los perfiles de subtetsts: ejemplos y aplicaciones  aMaterial complementario / bPsicología / d(11 007165)17aESCALAS DE INTELIGENCIA DE WECHSLER PARA NIÑOS aLópez, R. Florenteetraductor cLB